Právne aspekty podnikateľského prostredia cestovného ruchu na Slovensku diplomová práca

Salvato in:
Dettagli Bibliografici
Autore principale: Stanislav, Petráš
Ente Autore: Obchodná fakulta EU. Katedra obchodného práva
Altri autori: Sabo, Mikuláš
Natura: Libro
Lingua:slovacco
Pubblicazione: Bratislava 2010
Tags: Aggiungi Tag
Nessun Tag, puoi essere il primo ad aggiungerne!!

MARC

LEADER 00000nam$a2200000$$$4500
001 0118465
005 20240318123200.8
041 0 |a slo 
044 |a SK 
245 1 0 |a Právne aspekty podnikateľského prostredia cestovného ruchu na Slovensku  |b diplomová práca  |c Petráš Stanislav ; škol. Mikuláš Sabo 
264 1 |a Bratislava  |c 2010 
300 |a 76 s. 
100 1 |a Stanislav, Petráš 
700 1 |a Sabo, Mikuláš 
710 2 |a Obchodná fakulta EU. Katedra obchodného práva